Sinh học đại cương Tế bào học - Di truyền học - Học thuyết tiến hóa

Tế bào học: Cơ sở hóa học của sự sống, cấu trúc của tế bào, năng lượng và sự trao đổi chất, hô hấp tế bào, quang hợp. Di truyền học: Cơ sở phân tử của tính di truyền, sinh tổng hợp protein, di truyền học virus, vi khuẩn và kĩ thuật di truyền ......

ver descrição completa

Na minha lista:
Detalhes bibliográficos
Autor principal: Phạm Thành Hổ (Tác giả)
Autor Corporativo: Đại học quốc gia TP Hồ Chí Minh Trường đại học Khoa học tự nhiên
Formato: Livro
Idioma:Vietnamese
Publicado em: Tp. Hồ Chí Minh Đại học Quốc gia Tp.Hồ Chí Minh 2002
Edição:Tái bản lần thứ nhất, có chỉnh lí và bổ sung
Assuntos:
Tags: Adicionar Tag
Sem tags, seja o primeiro a adicionar uma tag!
Thư viện lưu trữ: Mạng thư viện Đại học Đà Nẵng
LEADER 01694nam a2200385 4500
001 000008954
003 5148
005 20111024081012.0
008 111024s2002 viesd
020 |c 33000đ 
041 0 |a vie 
082 |a 570  |b PH-H 
100 0 |a Phạm Thành Hổ 
110 |a Đại học quốc gia TP Hồ Chí Minh  |b Trường đại học Khoa học tự nhiên 
245 0 |a Sinh học đại cương  |b Tế bào học - Di truyền học - Học thuyết tiến hóa  |c Phạm Thành Hổ 
250 |a Tái bản lần thứ nhất, có chỉnh lí và bổ sung 
260 |a Tp. Hồ Chí Minh  |b Đại học Quốc gia Tp.Hồ Chí Minh  |c 2002 
300 |a 423tr  |c 24cm 
520 |a Tế bào học: Cơ sở hóa học của sự sống, cấu trúc của tế bào, năng lượng và sự trao đổi chất, hô hấp tế bào, quang hợp. Di truyền học: Cơ sở phân tử của tính di truyền, sinh tổng hợp protein, di truyền học virus, vi khuẩn và kĩ thuật di truyền ... 
653 |a Sinh học 
653 |a Di truyền 
653 |a Tế bào học 
653 |a học thuyết tiến hóa 
700 |a Phạm Thành Hổ  |e Tác giả 
910 |a MPhuong  |d 24/10 
OWN |a LSP 
AVA |a UDN50  |b LSP  |d 570 PH-H  |e available  |t Error 5001 Not defined in file expand_doc_bib_avail.  |f 3  |g 0  |h N  |i 0  |k 1 
999 |a From the UDN01 
AVA |a UDN50  |b LSP  |d 570 PH-H  |e available  |t Error 5001 Not defined in file expand_doc_bib_avail.  |f 3  |g 0  |h N  |i 0  |k 1 
TYP |a Monograph 
TYP |a Printed language 
980 |a Mạng thư viện Đại học Đà Nẵng